000 00675nam a2200193 4500
001 113966
003 DR-UNIBE
005 20250729090715.0
008 250729b py ||||| |||| 00| 0 spa d
040 _aBIBLIOTECA UNIBE
_bspa
_cBIBLIOTECA UNIBE
_erda
041 _aspa
082 _222
_a342.49892 R426c
110 _aRepública del Paraguay. Leyes, decretos, etc.
_eautor
_9197777
245 _aConstitución nacional de la República del Paraguay /
260 _a[Lugar de publicación no identificado] :
_b[Editor no identificado],
_c[Fecha no identificada]
300 _a[Sin páginas] :
_c9 x 8 cm
651 _aParaguay
_xConstitución
_9197776
942 _2ddc
_cBK
999 _c113966
_d113966